Larousse mensuel illustré (Record no. 89279)

MARC details
000 -LEADER
campo de control de longitud fija 00430nam a2200145 i 4500
001 - NÚMERO DE CONTROL
campo de control 89279
003 - IDENTIFICADOR DE NÚMERO DE CONTROL
campo de control ES-MaACL
007 - CAMPO FIJO DE DESCRIPCIÓN FÍSICA--INFORMACIÓN GENERAL
campo de control de longitud fija t|
008 - DATOS DE LONGITUD FIJA--INFORMACIÓN GENERAL
campo de control de longitud fija 050105q19001919fr ||||1| fre d
245 00 - MENCIÓN DEL TÍTULO
Título Larousse mensuel illustré
Resto del título : revue encyclopédique /
Mención de responsabilidad, etc. publié sous la direction de Claude Augé.
260 ## - PUBLICACIÓN, DISTRIBUCIÓN, ETC.
Lugar de publicación, distribución, etc. París :
Nombre del editor, distribuidor, etc. Larousse,
Fecha de publicación, distribución, etc. [191-?]
300 ## - DESCRIPCIÓN FÍSICA
Extensión 4 v. ;
Dimensiones 32 cm.
700 1# - ENTRADA AGREGADA--NOMBRE PERSONAL
Nombre de persona Augé, Claude.
9 (RLIN) 23878
852 ## - LOCALIZACIÓN
Ubicación ES-MaACL
Número de control de estantería B-831-34
Holdings
Estatus retirado Estado de pérdida Estado de daño No para préstamo Biblioteca de origen Biblioteca actual Ubicación en estantería Fecha de adquisición Fuente de adquisición Total de préstamos Signatura topográfica completa Código de barras Visto por última vez Precio de reemplazo Tipo de ítem Koha
        Biblioteca del Ateneo de Madrid Biblioteca del Ateneo de Madrid Sala Pardo Bazán 17/01/2008     B-831-34 1093241 23/02/2023 23/02/2023 Libro impreso